00579pab a2200145 454500008004000000100001900040245004500059260000900104300001600113362001100129520022100140650002000361700001800381773003400399180718b2002 xxu||||| |||| 00| 0 eng d aAndrews, Sonia aUser charges in health care: some issues c2002 ap.3793-795. a14 Sep aUser charges, being introduced in several states and institutions have prompted a variety of reactions from consumers. Will this move negatively affect access to health care? What has been the experience elsewhere? aHealth services aSailesh Mohan aEconomic and Political Weekly